00760nam a22002057a 450000500170000000800410001701000100005801100100006803500100007808200150008811101030010324500120020626000810021830000140029950000130031365000360032665000180036271000640038071001100044420220329141235.0971010s1977 r 10010 d a64978 a65950 a73580 a630.72bS400aSeminario de Análisis y Evaluación de Laboratorios Experimentales (d1977c: San José, C.R.) aMemoria aSan José, C. R. :bInstituto Interamericano de Ciencias Agrícolas,c1977 ac.a 150 h a1992-17914aAgriculturaxExperimentación.14aLaboratorios.0 aInstituto Interamericano de Ciencias Agrícolas de la OEA.0 aPrograma de Adiestramiento y Estudios sobre Reforma Agraria y Desarrollo Rural del Istmo Centroamericano.